000 02458nam a2200373 a 4500
003 CO-CtgCURN
005 20260316174759.0
008 181217s2018 000 0 eng d
020 _a9786078546077
040 _aCO-CtgCURN
_bspa
_ccoctgcurn
082 0 4 _a615.1
_bF233
100 1 _aVelázquez, Pedro Lorenzo,
_d1901-1985.
245 1 0 _aFarmacología básica y clínica /
_cdirectores, Pedro Lorenzo Fernández, Alfonso Moreno González, Juan Carlos Leza Cerro, Ignacio Lizasoain Hernández, María Ángeles Moro Sánchez, Antonio Portolés Pérez.
246 0 3 _aVelázquez :
_bfarmacología básica y clínica :
250 _aDécimo novena edición.
260 _aBuenos Aires ;
_bEditorial Médica Panamericana,
_c2018.
300 _aXXIV, 1257 páginas. ;
_cversión digital.
504 _aIncluye bibliografía e índice.
505 0 _ai principios generales.-- ii sistema nervioso periférico.-- iii sistema nervioso central.-- iv aparato cardiovascular.-- v autacoides, inflamación y respuesta inmunológica.-- vi aparato digestivo.-- vii sistema endocrino.-- viii aparato respiratorio.-- ix sangre.-- x quimioterapia antiinfecciosa y antitumoral.-- xi temas especiales.-- xii variabilidad de la respuesta.-- xiii efectos no deseados de los medicamentos.-- xiv evaluación de los efectos de los medicamentos.-- xv evaluación y mejora del uso de medicamentos.
520 _a"Manteniendo la vocación de ciencia biomédica fundamental y su aplicación a las ciencias de la salud, es, desde hace más de 80 años, un libro de texto imprescindible de la farmacología humana en español. En las sucesivas ediciones de la obra se han ido incorporando las novedades farmacológicas y terapéuticas, fruto de las investigaciones relacionadas con la farmacología y ciencias afines, hasta llegar a la presente edición.
590 _aIntegración básico clínica (Medicina)
590 _aFarmacología (Medicina)
650 0 _aFarmacología.
650 0 _aFarmacología clínica.
700 1 _aMoreno González, Alfonso.
700 1 _aLeza Cerro, Juan Carlos.
700 1 _aLizasoain Hernández, Ignacio.
700 1 _aMoro Sánchez, María Ángeles.
700 1 _aPortolés Pérez, Antonio.
942 _aMHE
_cBK
_h615.1
_iF233
_00
_2ddc
_n0
999 _c22016
_d22016